|
|
|
|
| LEADER |
00000nam0a2200000 4500 |
| 001 |
321213 |
| 005 |
20231102003342.0 |
| 035 |
|
|
|a (RuTPU)RU\TPU\book\346760
|
| 090 |
|
|
|a 321213
|
| 100 |
|
|
|a 20160818d1958 m y0rusy50 ca
|
| 101 |
0 |
|
|a rus
|
| 102 |
|
|
|a UA
|
| 105 |
|
|
|a a j 001zy
|
| 200 |
1 |
|
|a Доменный процесс
|e учебное пособие
|f А. Д. Готлиб
|
| 210 |
|
|
|a Киев
|c Гостехиздат
|d 1958
|
| 215 |
|
|
|a 510 с.
|
| 320 |
|
|
|a Библиогр.: с. 497-507
|
| 606 |
1 |
|
|a Доменный процесс
|2 stltpush
|3 (RuTPU)RU\TPU\subj\9977
|9 37124
|
| 610 |
1 |
|
|a учебные пособия
|
| 610 |
1 |
|
|a доменные печи
|
| 610 |
1 |
|
|a газы
|
| 610 |
1 |
|
|a движение
|
| 610 |
1 |
|
|a шихта
|
| 610 |
1 |
|
|a разложения
|
| 610 |
1 |
|
|a восстановление
|
| 610 |
1 |
|
|a кинетика
|
| 610 |
1 |
|
|a шлакообразование
|
| 610 |
1 |
|
|a горение
|
| 610 |
1 |
|
|a тепловой баланс
|
| 675 |
|
|
|a 669.162.28
|v 4
|
| 700 |
|
1 |
|a Готлиб
|b А. Д.
|g Арнольд Давидович
|
| 801 |
|
1 |
|a RU
|b 63413507
|c 20160818
|
| 801 |
|
2 |
|a RU
|b 63413507
|c 20200826
|g RCR
|
| 942 |
|
|
|c BK
|